000 00440nam a2200169Ia 4500
008 121218t1962 xxu||||| |||| 00| 0 sin d
041 _asin
080 _a8S-31
_bKUM
100 _aKumara, Ananda Sarath
245 _aඅතෙන් අහුවුණා
246 _aAthen Ahuwuna
260 _bRuwan Publishers
_aMaradana
_c1962
300 _a168p., 18 cm
942 _cBK
999 _c69438
_d69438
003 LK-CoDNM
040 _aLK-CoDNM
_dLK-CoDNM
_eLK-CoDNM